Measurement madness: (Record no. 13816)
[ view plain ]
| 000 -LEADER | |
|---|---|
| fixed length control field | 00812nam a22002177a 4500 |
| 008 - FIXED-LENGTH DATA ELEMENTS--GENERAL INFORMATION | |
| fixed length control field | 190417b ||||| |||| 00| 0 eng d |
| 020 ## - INTERNATIONAL STANDARD BOOK NUMBER | |
| International Standard Book Number | 9781119960515 |
| 082 ## - DEWEY DECIMAL CLASSIFICATION NUMBER | |
| Edition number | 2014 |
| Classification number | AV-Eb 658.4013 |
| Item number | G778 |
| 100 ## - MAIN ENTRY--PERSONAL NAME | |
| Personal name | Gray, Dina. |
| 9 (RLIN) | 38400 |
| 245 ## - TITLE STATEMENT | |
| Title | Measurement madness: |
| Remainder of title | avoiding performance management pitfalls / |
| Statement of responsibility, etc. | Dina Gray, Veronica Martinez, and Pietro Micheli. |
| 260 ## - PUBLICATION, DISTRIBUTION, ETC. (IMPRINT) | |
| Name of publisher, distributor, etc. | John Wiley & Sons, Incorporated, |
| Date of publication, distribution, etc. | ©2014. |
| 300 ## - PHYSICAL DESCRIPTION | |
| Extent | 240 pages; |
| 500 ## - GENERAL NOTE | |
| General note | Includes index. |
| 650 ## - SUBJECT ADDED ENTRY--TOPICAL TERM | |
| Topical term or geographic name as entry element | Accounting. |
| 9 (RLIN) | 38401 |
| 650 ## - SUBJECT ADDED ENTRY--TOPICAL TERM | |
| Topical term or geographic name as entry element | Managerial accounting. |
| 9 (RLIN) | 38402 |
| 650 ## - SUBJECT ADDED ENTRY--TOPICAL TERM | |
| Topical term or geographic name as entry element | Performance -- Measurement. |
| 9 (RLIN) | 38403 |
| 700 ## - ADDED ENTRY--PERSONAL NAME | |
| Personal name | Martinez, Veronica. |
| 9 (RLIN) | 38404 |
| 700 ## - ADDED ENTRY--PERSONAL NAME | |
| Personal name | Micheli, and Pietro. |
| 9 (RLIN) | 38405 |
| 856 ## - ELECTRONIC LOCATION AND ACCESS | |
| Link text | https://ebookcentral.proquest.com/lib/uniofmindanao-ebooks/detail.action?docID=818563 |
| 942 ## - ADDED ENTRY ELEMENTS (KOHA) | |
| Source of classification or shelving scheme | Dewey Decimal Classification |
| Koha item type | Ebooks |
| Withdrawn status | Lost status | Source of classification or shelving scheme | Damaged status | Not for loan | Home library | Current library | Shelving location | Date acquired | Source of acquisition | Total Checkouts | Full call number | Barcode | Date last seen | Copy number | Price effective from | Koha item type |
|---|---|---|---|---|---|---|---|---|---|---|---|---|---|---|---|---|
| Dewey Decimal Classification | UM Digos College - LIC | UM Digos College - LIC | Processing Center | 04/17/2019 | Downloaded | AV-Eb 658.4013 G778 | Eb179 | 04/17/2019 | 1 | 04/17/2019 | Ebooks |
